Studies in Modern Religions, Religious Movements and the Bābī-Bahā'ī Faiths.
In this book leading scholars contribute comprehensive studies of the religious movements in the late 18th and 19th centuries: the Hassidic movements in Judaism, the Mormon religion, in Christianity, and the Bābī-Bahā'ī faiths in Shī'te Islam. The studies, introduced by the editor's a...
Main Author:
Format: eBook
Language: English
Published:
Leiden, Boston:
Brill,
2004.
Series:
Numen Book Series
104.
Numen Book Series Online, ISBN: 9789004380837.
Subjects:
Online Access: Login to view Source
Tags: Add Tag
Call Number: BP603
| LEADER | 03241cam a2200421Ii 4500 | ||
|---|---|---|---|
| 001 | BRILL9789047405573 | ||
| 003 | nllekb | ||
| 005 | 20210602095038.0 | ||
| 006 | m d | ||
| 007 | cr un uuuua | ||
| 008 | 181023s2004 ne od eng d | ||
| 020 | |a 9789047405573 |q (electronic book) | ||
| 020 | |z 9789004139046 |q (print) | ||
| 024 | 7 | |a 10.1163/9789047405573 |2 DOI | |
| 040 | |a NL-LeKB |c NL-LeKB |e rda | ||
| 050 | 4 | |a BP603 | |
| 072 | 7 | |a HRAC |2 bicssc | |
| 072 | 7 | |a REL017000 |2 bisacsh | |
| 082 | 0 | 4 | |a 297.9 |2 22 |
| 100 | 1 | |a Moshe Sharon (Editor) | |
| 245 | 0 | 0 | |a Studies in Modern Religions, Religious Movements and the Bābī-Bahā'ī Faiths. |
| 264 | 3 | 1 | |a Leiden, |a Boston: |b Brill, |c 2004. |
| 300 | |a 1 online resource. | ||
| 336 | |a text |b txt |2 rdacontent | ||
| 337 | |a computer |b c |2 rdamedia | ||
| 338 | |a online resource |2 rdacarrier | ||
| 505 | 0 | 0 | |t Preliminary Material / |r Moshe Sharon -- |t New Religions and Religious Movements-The Common Heritage / |r Moshe Sharon -- |t On Prophecy and Early Hasidism / |r Moshe Idel -- |t Rabbi Kook and His Sources: From Kabbalistic Historiosophy to National Mysticism / |r Yoni Garb -- |t Millennialist Dreams and Apocalyptic Nightmares / |r Moojan Momen -- |t Millenarianism and Nineteenth-Century New Religions: The Mormon Example / |r Grant Underwood -- |t Critique of Pure Gematry / |r Meir Buzaglo -- |t The Eschatology of Globalization: The Multiple-Messiahship of Bahāʾuʾllāh Revisited / |r Christopher Buck -- |t The Bābī-State Conflict in Māzandarān: Background, Analysis and Review of Sources / |r Siyamak Zabihi-Moghaddam -- |t The Azālī-Bahāʾī Crisis of September 1867 / |r Juan R.I. Cole -- |t Ottoman Reform Movements and the Bahāʾī Faith, 1860s-1920s / |r Necati Alkan -- |t "I Never Understood Any of this From ʿAbbās Effendi": Muḥammad ʿAbduh's Knowledge of the Bahāʾī Teachings and His Friendship with ʿAbdu'l-Bahāʾ ʿAbbās / |r William McCants -- |t Bahāʾī and the Holy Land: Religiogenesis and Shoghi Effendi's The Faith of Bahāʾuʾllāh: A World Religion / |r Zaid Lundberg -- |t Index / |r Moshe Sharon -- |t Studies in the History of Religions Numen Book Series / |r Moshe Sharon. |
| 520 | |a In this book leading scholars contribute comprehensive studies of the religious movements in the late 18th and 19th centuries: the Hassidic movements in Judaism, the Mormon religion, in Christianity, and the Bābī-Bahā'ī faiths in Shī'te Islam. The studies, introduced by the editor's analysis of the underlying common source of this religious activity, lead the reader into a rich world of messianism, millenniarism and eschatological thought fueling the intense modern developments in the three major monotheistic religions. | ||
| 650 | 0 | |a Sects. | |
| 650 | 0 | |a Babism. | |
| 650 | 0 | |a Bahai Faith. | |
| 776 | 0 | 8 | |i Print version: |t Studies in Modern Religions, Religious Movements and the Bābī-Bahā'ī Faiths |d Leiden, Boston : BRILL, 2004, |z 9789004139046 |
| 830 | 0 | |a Numen Book Series |v 104. | |
| 830 | 0 | |a Numen Book Series Online, ISBN: 9789004380837. | |
| 856 | 4 | |z DOI: |u http://dx.doi.org/10.1163/9789047405573 | |
| 942 | |c EBOOK | ||
| 952 | |0 0 |1 0 |4 0 |7 1 |9 13031 |a BRILL |b BRILL |d 2021-06-02 |l 0 |r 2021-06-02 00:00:00 |w 2021-06-02 |y EBOOK | ||
| 999 | |c 34485 |d 34485 | ||
